Сопротивление материалов: учебник для бакалавров

Bibliografiske detaljer
Hovedforfatter: Ахметзянов М. Х. Марат Халикович
Andre forfattere: Лазарев И. Б. Илья Борисович
Summary:Книга охватывает основные вопросы прочности, жесткости и устойчивости стержня при статических и динамических воздействиях. Рассмотрены простые (растяжение-сжатие, сдвиг, плоский изгиб и кручение) и сложные деформации стержня (косой изгиб, растяжение или сжатие с изгибом, кручение и изгиб), а также продольно-поперечный изгиб. Отдельная глава посвящена экспериментальным методам определения напряжений и деформаций. Соответствует Федеральному государственному образовательному стандарту высшего профессионального образования третьего поколения. Для студентов технических вузов.
Sprog:russisk
Udgivet: Москва, Юрайт, 2013
Udgivelse:2-е изд., перераб. и доп.
Serier:Бакалавр. Базовый курс
Fag:
Format: MixedMaterials Bog
KOHA link:https://koha.lib.tpu.ru/cgi-bin/koha/opac-detail.pl?biblionumber=233962

MARC

LEADER 00000nam0a2200000 4500
001 233962
005 20231101231301.0
010 |a 9785991625661 
035 |a (RuTPU)RU\TPU\book\255046 
090 |a 233962 
100 |a 20130314d2013 m y0rusy50 ca 
101 0 |a rus 
102 |a RU 
105 |a a j 001zy 
200 1 |a Сопротивление материалов  |e учебник для бакалавров  |f М. Х. Ахметзянов, И. Б. Лазарев 
205 |a 2-е изд., перераб. и доп. 
210 |a Москва  |c Юрайт  |d 2013 
215 |a 300 с.  |c ил. 
225 1 |a Бакалавр. Базовый курс 
320 |a Библиогр.: с. 296-299. 
330 |a Книга охватывает основные вопросы прочности, жесткости и устойчивости стержня при статических и динамических воздействиях. Рассмотрены простые (растяжение-сжатие, сдвиг, плоский изгиб и кручение) и сложные деформации стержня (косой изгиб, растяжение или сжатие с изгибом, кручение и изгиб), а также продольно-поперечный изгиб. Отдельная глава посвящена экспериментальным методам определения напряжений и деформаций. Соответствует Федеральному государственному образовательному стандарту высшего профессионального образования третьего поколения. Для студентов технических вузов. 
452 1 |0 (RuTPU)RU\TPU\book\264197  |t Сопротивление материалов  |o учебник для бакалавров  |f М. Х. Ахметзянов, И. Б. Лазарев  |e 2-е изд.  |c Москва  |n Юрайт  |d 2013  |p 1 Мультимедиа CD-ROM  |s Электронные учебники издательства Юрайт  |a Ахметзянов, М. Х. 
606 1 |a Сопротивление материалов  |2 stltpush  |3 (RuTPU)RU\TPU\subj\55554  |9 73567 
610 1 |a физика 
610 1 |a растяжение 
610 1 |a сжатие 
610 1 |a напряженно-деформированное состояние 
610 1 |a сдвиг 
610 1 |a поперечные сечения 
610 1 |a геометрические характеристики 
610 1 |a балки 
610 1 |a изгиб 
610 1 |a перемещения 
610 1 |a кручения 
610 1 |a прочность 
610 1 |a предельные состояния 
610 1 |a сложное сопротивление 
610 1 |a стержни 
610 1 |a устойчивость 
610 1 |a нагрузки 
610 1 |a динамическое действие 
610 1 |a напряжения 
610 1 |a прочность 
610 1 |a деформации 
610 1 |a экспериментальные методы 
610 1 |a учебные пособия 
675 |a 539.3/.6(075.8)  |v 3 
700 1 |a Ахметзянов  |b М. Х.  |g Марат Халикович 
701 1 |a Лазарев  |b И. Б.  |g Илья Борисович 
801 1 |a RU  |b 63413507  |c 20130314 
801 2 |a RU  |b 63413507  |c 20210130  |g RCR 
900 |a Сопротивление материалов 
942 |c BK 
951 |b 270800 
959 |a 45/20130225  |d 5  |e 299,00  |f ЧЗТЛ:1  |f АНЛ:1  |f УФ:3